000 00300nam a22001337a 4500
008 170602b xxu||||| |||| 00| 0 eng d
020 _a9780253215215
041 _aeng
080 _a94(5)
100 _a17
101 _aSHH
245 _a EVERYDAY LIFE IN SOUTH ASIA
_cMINES, D.P
942 _2udc
_cBK
999 _c15712
_d15712